000 00407nam a2200169Ia 4500
008 210719s1976 xx 000 0 und d
020 _a0340036907
041 _aeng
082 _a272 WURT
100 _aWURMBRAND (Richard)
245 _aTortured for christ.
260 _aLondon.
_bHodder & Atoughton.,
_c1976
300 _a128
_bPB
365 _cRs
650 _aChristianity
906 _aPersecution
999 _c212652
_d212652